000 00256nam a22001097a 4500
008 170112b xxu||||| |||| 00| 0 eng d
020 _a9781933107219
041 _aeng
080 _a618.2
245 _aCOMMUNITY HEALTH NURSING
_cRICHARDS, T
942 _2udc
_cBK
999 _c2808
_d2808